|
|
|
|
| LEADER |
00000nab a2200000 a 4500 |
| 001 |
vtls000806552 |
| 003 |
SK-MaSNL |
| 005 |
20260304103444.0 |
| 008 |
250429c2002 xo 0 slo |
| 015 |
|
|
|a SNBRB2002/09-29139
|
| 035 |
|
|
|a CLN000158207
|
| 035 |
|
|
|a urn:nbn:sk:snk-ab21l1
|
| 035 |
|
|
|a (urnnbn)urn:nbn:sk:snk:ar-a01etg
|
| 035 |
|
|
|a (uuid)6733b05c-ec07-4a70-9e07-f539c505d485
|
| 040 |
|
|
|a SNKBUCL
|b slo
|c SNKBUCL
|e AACR2
|
| 041 |
0 |
|
|a slo
|
| 044 |
|
|
|a xo
|c SK
|
| 080 |
|
|
|a 78.071.2(048):787.61
|2 1997
|
| 080 |
|
|
|a 787.61
|2 1997
|
| 100 |
1 |
|
|a Lenko, Boris,
|d 1965-
|4 aut
|9 106889
|
| 245 |
1 |
0 |
|a Sergio & Odair Assad
|c Boris Lenko
|
| 300 |
|
|
|b Fotogr.
|
| 600 |
1 |
7 |
|a Assad, Sergio
|x nahrávky CD
|2 snkbucl
|9 1401833
|
| 600 |
1 |
7 |
|a Assad, Odair
|x nahrávky CD
|2 snkbucl
|9 1401834
|
| 630 |
0 |
7 |
|a Play Piazzolla (nahrávka CD)
|x recenzie
|2 snkbucl
|9 1401835
|
| 655 |
|
7 |
|a články z novín a časopisov
|2 snkbucl
|9 267496
|
| 773 |
0 |
|
|t Hudobný život
|g Roč. 34, č. 9 (2002), s. 46
|x 1335-4140
|
| 850 |
|
|
|a Slovenská národná knižnica
|
| 852 |
|
|
|a Slovenská národná knižnica
|
| 954 |
|
|
|a odborná, vedecká literatúra pôvodná (slovenská)
|2 lita
|
| 958 |
|
|
|a article27
|
| 958 |
|
|
|a OND
|
| 958 |
|
|
|a RC
|
| 958 |
|
|
|a EUIPO
|
| 992 |
|
|
|a RBX
|
| 999 |
|
|
|c 2848949
|d 2850879
|